The World Bank Economic review 15 (3), Sept 2001 / (Record no. 24)
[ view plain ]
| 000 -LEADER | |
|---|---|
| fixed length control field | 00786nam a22002417a 4500 |
| 003 - CONTROL NUMBER IDENTIFIER | |
| control field | OSt |
| 005 - DATE AND TIME OF LATEST TRANSACTION | |
| control field | 20221025152654.0 |
| 008 - FIXED-LENGTH DATA ELEMENTS--GENERAL INFORMATION | |
| fixed length control field | 221004b |||||||| |||| 00| 0 eng d |
| 020 ## - INTERNATIONAL STANDARD BOOK NUMBER | |
| International Standard Book Number | 0-1985-0908-1 |
| 022 ## - INTERNATIONAL STANDARD SERIAL NUMBER | |
| International Standard Serial Number | 0258-6770 |
| 040 ## - CATALOGING SOURCE | |
| Transcribing agency | Chuka University Library |
| 050 ## - LIBRARY OF CONGRESS CALL NUMBER | |
| Classification number | HC 59.69 |
| Item number | .W67 2001 |
| 110 ## - MAIN ENTRY--CORPORATE NAME | |
| Corporate name or jurisdiction name as entry element | World Bank |
| 9 (RLIN) | 51 |
| 245 ## - TITLE STATEMENT | |
| Title | The World Bank Economic review 15 (3), Sept 2001 / |
| Statement of responsibility, etc. | Francois Bourguingnon, World Bank |
| 260 ## - PUBLICATION, DISTRIBUTION, ETC. | |
| Place of publication, distribution, etc. | Washington DC: |
| Name of publisher, distributor, etc. | World Bank, |
| Date of publication, distribution, etc. | 2001. |
| 300 ## - PHYSICAL DESCRIPTION | |
| Extent | 494 pages ; |
| Dimensions | 26 cm |
| 490 ## - SERIES STATEMENT | |
| Volume/sequential designation | Volume.15, Number 3 |
| International Standard Serial Number | 0258-6770 |
| 521 ## - TARGET AUDIENCE NOTE | |
| Target audience note | coming in the next issue volume 16,number,2002 |
| 650 ## - SUBJECT ADDED ENTRY--TOPICAL TERM | |
| Topical term or geographic name entry element | World Bank |
| Form subdivision | Periodicals |
| 9 (RLIN) | 62 |
| 650 ## - SUBJECT ADDED ENTRY--TOPICAL TERM | |
| Topical term or geographic name entry element | Economics condition |
| 9 (RLIN) | 74 |
| General subdivision | Developing countries |
| 700 ## - ADDED ENTRY--PERSONAL NAME | |
| Personal name | Bourguingnon, Francois |
| 9 (RLIN) | 64 |
| 942 ## - ADDED ENTRY ELEMENTS (KOHA) | |
| Source of classification or shelving scheme | Library of Congress Classification |
| Koha item type | Long Loan Books |
| Suppress in OPAC | No |
| Withdrawn status | Lost status | Source of classification or shelving scheme | Damaged status | Not for loan | Collection | Home library | Current library | Shelving location | Date acquired | Total Checkouts | Full call number | Barcode | Date last seen | Copy number | Price effective from | Koha item type |
|---|---|---|---|---|---|---|---|---|---|---|---|---|---|---|---|---|
| Library of Congress Classification | General Collection Books | Main Campus Library | Main Campus Library | General Stacks | 04/10/2022 | HC 59.69 .W67 2001 V.15 NO.3 | 18986/2020 | 04/10/2022 | C.1 | 04/10/2022 | Long Loan Books |
